000 01192pam a2200361 ia4500
001 vtls000834555
003 PNM
005 20210114122609.0
008 170802s2018 my bo j 000 0 may
015 _aM18-03399
020 _a9789838779159
_qset
020 _a9789838779210
_qpaperback
_cRM23.62
039 9 _a201806040848
_baidayas
_c201805071610
_dmawarny
_c201803281159
_dsuriani
_c201803151506
_dhema
040 _aBNM
_beng
_cBNM
_erda
_dPPAK
049 _amal
082 0 4 _a039.992302
_223
090 0 0 _a039.992302
_bSAF
_dK
100 0 _aSafiatul Atiqah Razalli,
_d1989-
_eauthor.
245 1 0 _aFakta Menarik Tentang Negara di Dunia /
_cSafiatul Atiqah Razalli
264 1 _aPetaling Jaya, Selangor :
_bPENERBIT PRISMA SDN BHD,
_c2018
300 _a38 pages :
_bcolour maps, colour photographs ;
_c22 cm.
336 _atext
_2rdacontent
337 _aunmediated
_2rdamedia
338 _avolume
_2rdacarrier
490 1 _aSiri Tahukah Anda?
650 1 0 _aCuriosities and wonders
_vJuvenile literature
650 2 0 _aGeography
_vJuvenile literature
830 0 _aSiri tahukah anda?
942 _2ddc
_cB
949 _62000625792
949 _62000625791
949 _62000625793
999 _c181144
_d181144